000 00827nac a22002657a 4500
001 BR0803400
003 BR-BrBNA
005 20240105123600.0
008 230509b bl.|||m| |||| 00| 0 por d
040 _aBR-BrBNA
_bpor
_cBiblioteca Nacional de Agricultura
072 _aP40
090 _aP40 BR0803400
100 1 _aAbreu, V.M.N.
100 1 _aAbreu, P.G. de
110 1 _aEMBRAPA Suínos e Aves, Concórdia, SC (Brasil)
245 1 _aDignóstico bioclimático para o Estado do Paraná
260 3 _aConcórdia, SC (Brasil):
_c2002.
300 _a13 p.
490 _aComunicado Técnico - EMBRAPA Suínos e Aves (Brazil)
_vno. 320
_xISSN 0100-8862
500 _a13 ref.; 25 illus.
650 _aBIOCLIMATOLOGIA
650 _aPARANÁ
909 _a202312
_bLúcia Elande
_c55
_dLúcia Elande
942 _2AGRIS
_n0
_cMS
999 _c296087
_d296087